000 00375nam a2200157Ia 4500
008 230917s9999||||xx |||||||||||||| ||und||
040 _e141740
_aMAIN
041 _aEnglish
082 _a342 J199P
100 _aJain, M P
245 0 _aPrinciples of administrative law
250 _a5th ed.
260 _aNagpur
_bWadhwa
_c2007
300 _acxlii,1057p p.
942 _cBK
999 _c144713
_d144713